000 00299nam a2200133Ia 4500
008 231129s1963||||xx |||||||||||||| ||spa||
040 _bspa
082 _aF843 B363n
100 _aBazin Herve
245 0 _aEn el nombre del hijo
260 _c1963
264 _aJoaquin Mortiz
942 _2ddc
_cBKS
999 _c12866
_d12866